Human resource management (Record no. 506)

MARC details
000 -LEADER
fixed length control field 00395nam a22001697a 4500
005 - DATE AND TIME OF LATEST TRANSACTION
control field 20160511104613.0
008 - FIXED-LENGTH DATA ELEMENTS--GENERAL INFORMATION
fixed length control field 160511b xxu||||| |||| 00| 0 eng d
020 ## - INTERNATIONAL STANDARD BOOK NUMBER
ISBN 81-7446213-9
041 ## - LANGUAGE CODE
Language code of text/sound track or separate title eng
082 ## - DEWEY DECIMAL CLASSIFICATION NUMBER
Item number 1232
100 ## - MAIN ENTRY--AUTHOR NAME
Personal name Rao V.S.P.
245 ## - TITLE STATEMENT
Title Human resource management
260 ## - PUBLICATION, DISTRIBUTION, ETC. (IMPRINT)
Place of publication New Delhi
Name of publisher Excel Books,
Year of publication 2000
300 ## - PHYSICAL DESCRIPTION
Number of Pages 637
650 ## - SUBJECT ADDED ENTRY--TOPICAL TERM
Topical Term Management
942 ## - ADDED ENTRY ELEMENTS (KOHA)
Koha item type Books
Holdings
Lost status Damaged status Home library Date acquired Koha item type Cost, normal purchase price Full call number Accession Number
    JRU Library 11/05/2016 Books      
    JRU Library 11/05/2016 Books 250.00 1232 1232